| 000 | 01213namaa22003131i 4500 | ||
|---|---|---|---|
| 005 | 20260521111921.0 | ||
| 008 | 260521s1994 ua ||||frm||| 000 0 eng d | ||
| 040 |
_aEG-GICUC _beng _cEG-GICUC _dEG-GICUC _erda |
||
| 041 | 0 |
_aeng _beng _bara |
|
| 049 | _aDeposit | ||
| 097 | _aM.Sc | ||
| 099 | _aCai01.11.34.1994.Me.M | ||
| 100 | 0 |
_aMedhat M. Ali El-Naggar, _epreparation. |
|
| 245 | 1 | 0 |
_aManagement of metastaic carcinoma of the prostate / _cBy Medhat M. Ali El-Naggar ; Supervised Prof. Dr. Ali Hussein Ali, Dr. Ahmed Morsi |
| 246 | 1 | 5 | _aعلاج سرطان البروستاتا في مرحلة المتقدمة (المنتشر) |
| 264 | 0 | _c1994. | |
| 300 |
_a140 Leaves _billustrations _c30 cm. + |
||
| 336 |
_2rda content _atext |
||
| 337 |
_2rdamedia _aUnmediated |
||
| 338 |
_2rdacarrier _avolume |
||
| 502 | _aThesis (M.Sc.)-Cairo University, 1994 | ||
| 504 | _aBibliography: pages 116-140 | ||
| 653 | 0 | _ametastaic carcinoma of the prostate | |
| 700 | 0 |
_aAli Hussein Ali _ethesis advisor. |
|
| 700 | 0 |
_aAhmed Morsi _ethesis advisor. |
|
| 900 |
_DDepartment of Urology _FFaculty of Medicine _UCairo University _b1994 _cAli Hussein Ali _cAhmed Morsi |
||
| 905 | _aNehad | ||
| 942 |
_2ddc _cTH _e21 _n0 |
||
| 999 | _c180248 | ||